[Event "Chigorin Memorial"]
[Site "St Petersburg"]
[Date "2015.10.08"]
[Round "6.133"]
[White "Lysenko, Margarita"]
[Black "Ivanov, Artem"]
[Result "1/2-1/2"]
[WhiteElo "2059"]
[BlackElo "1898"]
[PlyCount "81"]
[EventDate "2015.10.03"]
[EventRounds "9"]
[EventCountry "RUS"]

1. d4 Nf6 2. c4 e6 3. Nc3 c5 4. d5 exd5 5. cxd5 d6 6. e4 g6 7. Bd3 Bg7 8. h3
O-O 9. Nf3 b5 10. Bxb5 Nxe4 11. Qb3 Nxc3 12. bxc3 Bd7 13. Bxd7 Nxd7 14. O-O Rb8
15. Qc2 Nb6 16. Rd1 Qd7 17. a4 Nc4 18. Ra2 Rfe8 19. Qd3 Nb6 20. Qc2 Nc4 21. Qd3
Nb6 22. Qc2 Nc4 23. Bf4 Rb7 24. Kh2 Reb8 25. Re1 Rb3 26. Re4 Ne5 27. Bxe5 dxe5
28. Nd2 R3b7 29. c4 f5 30. Re3 Qd6 31. g3 e4 32. Rb3 Be5 33. Rxb7 Rxb7 34. Nf1
Qb8 35. Nd2 Kf7 36. Kg2 Bd6 37. Qc3 Rb4 38. Qc2 Be5 39. Qc1 Bd6 40. Qc2 Be5 41.
Qc1 1/2-1/2

[Event "Chigorin Memorial"]
[Site "St Petersburg"]
[Date "2015.10.08"]
[Round "6.134"]
[White "Kopasov, Evgeny"]
[Black "Glukhov, Dmitriy"]
[Result "0-1"]
[WhiteElo "2050"]
[BlackElo "1893"]
[PlyCount "72"]
[EventDate "2015.10.03"]
[EventRounds "9"]
[EventCountry "RUS"]

1. d4 Nf6 2. Nf3 e6 3. Bg5 Be7 4. e3 d5 5. c4 O-O 6. Nc3 c6 7. Qc2 Nbd7 8. cxd5
exd5 9. Bd3 Re8 10. O-O Nf8 11. Rae1 Ng6 12. e4 dxe4 13. Nxe4 Nxe4 14. Bxe7
Rxe7 15. Rxe4 Rxe4 16. Bxe4 Be6 17. Re1 Bd5 18. a3 Qd6 19. Qc5 Qxc5 20. dxc5
Bxe4 21. Rxe4 Rd8 22. Rd4 Rxd4 23. Nxd4 Ne5 24. Kf1 Nc4 25. b4 Nxa3 26. Ke2 Nb5
27. Nb3 b6 28. Kd3 f6 29. f4 g6 30. Kc4 Kf7 31. g4 Ke6 32. Nc1 Nc7 33. Ne2 b5+
34. Kb3 Kd5 35. g5 f5 36. Ng3 Ke6 0-1

[Event "Chigorin Memorial"]
[Site "St Petersburg"]
[Date "2015.10.08"]
[Round "6.135"]
[White "Movldiev, Ibragim"]
[Black "Mirzaeva, Gulnara"]
[Result "0-1"]
[WhiteElo "2047"]
[BlackElo "1890"]
[PlyCount "66"]
[EventDate "2015.10.03"]
[EventRounds "9"]
[EventCountry "RUS"]

1. e4 c5 2. Nf3 Nc6 3. d4 cxd4 4. Nxd4 g6 5. Nc3 Bg7 6. Be3 Nf6 7. f3 O-O 8. g4
Qb6 9. Rb1 Nxe4 10. fxe4 Bxd4 11. Nd5 Qc5 12. b4 Nxb4 13. Bxd4 Nxc2+ 14. Qxc2
Qxd4 15. Bd3 d6 16. Qb2 Qxb2 17. Nxe7+ Kg7 18. Rxb2 Bxg4 19. Rxb7 Rfb8 20. Rc7
Be6 21. Nd5 Rb2 22. O-O Rxa2 23. Nf4 Kh6 24. Nxe6 fxe6 25. Rff7 Rd2 26. Rxh7+
Kg5 27. Rh3 Kf4 28. Re7 a5 29. Bb5 a4 30. Ra3 Rh8 31. h3 Rh5 32. Rxe6 Rg5+ 33.
Kf1 Rxb5 0-1

[Event "Chigorin Memorial"]
[Site "St Petersburg"]
[Date "2015.10.08"]
[Round "6.136"]
[White "Zajtzeva, Viktoria"]
[Black "Volkov, Roman"]
[Result "1/2-1/2"]
[WhiteElo "1891"]
[BlackElo "2044"]
[PlyCount "112"]
[EventDate "2015.10.03"]
[EventRounds "9"]
[EventCountry "RUS"]

1. Nf3 Nf6 2. g3 d5 3. Bg2 c6 4. O-O Bg4 5. d3 Nbd7 6. Nbd2 e5 7. h3 Bh5 8. e4
Bd6 9. Re1 O-O 10. Nf1 Re8 11. g4 Bg6 12. Ng3 Nc5 13. Nh2 Ne6 14. g5 Nd7 15. h4
f6 16. exd5 cxd5 17. Bxd5 Qc7 18. Qg4 Bf7 19. Nf5 Qa5 20. Nxd6 Qxe1+ 21. Nf1
Qa5 22. Bc4 Qc7 23. Nxe8 Rxe8 24. Be3 fxg5 25. hxg5 Ndf8 26. Ng3 b6 27. Re1 Ng6
28. Ne4 Qe7 29. a3 Rd8 30. Bd2 Qd7 31. Bc3 a5 32. Qg3 Nd4 33. Bxd4 exd4 34.
Bxf7+ Qxf7 35. Nd6 Qd5 36. Nc4 Qc5 37. Qg4 Rf8 38. Qe6+ Kh8 39. Ne5 Nxe5 40.
Qxe5 Qxc2 41. Qxd4 Qd2 42. Qe3 Qxb2 43. d4 Qa2 44. Re2 Qb1+ 45. Re1 Qf5 46. Kg2
b5 47. f4 b4 48. axb4 axb4 49. Qe5 Qg4+ 50. Kh2 b3 51. d5 b2 52. d6 Qf3 53. d7
Qf2+ 54. Kh3 Qf3+ 55. Kh2 Qf2+ 56. Kh3 Qf3+ 1/2-1/2

[Event "Chigorin Memorial"]
[Site "St Petersburg"]
[Date "2015.10.08"]
[Round "6.137"]
[White "Vorobyova, Valeriya"]
[Black "Sinyanskiy, Maxim"]
[Result "0-1"]
[WhiteElo "1850"]
[BlackElo "2043"]
[PlyCount "94"]
[EventDate "2015.10.03"]
[EventRounds "9"]
[EventCountry "RUS"]

1. e4 c5 2. Nf3 d6 3. d4 cxd4 4. Nxd4 Nf6 5. Nc3 a6 6. Bg5 e6 7. f4 Be7 8. Qf3
h6 9. Bh4 g5 10. fxg5 Nfd7 11. Bg3 hxg5 12. O-O-O Qc7 13. Qe3 Ne5 14. Nf3 b5
15. Kb1 Nbd7 16. Nxg5 b4 17. Ne2 Bb7 18. Bxe5 dxe5 19. Ng3 Qc5 20. Qd2 Nb6 21.
Bd3 Na4 22. Rdf1 Qd4 23. c3 bxc3 24. Qc2 Bxg5 25. Rd1 Qb4 26. b3 Nb2 27. Rdf1
Rd8 28. Qf2 Bf4 29. Bc2 Qd4 30. Qf3 Qe3 31. Qg4 Rd2 32. Rf3 Qd4 33. Nh5 Rxh5
34. Qxh5 Bxe4 35. Bxe4 Qxe4+ 36. Ka1 Rxg2 37. Rxc3 Qd4 38. Qh8+ Kd7 39. Qc8+
Ke7 40. Rc7+ Kf6 41. Qd7 Nd1+ 42. Qxd4 exd4 43. Rc6 Nc3 44. Rxa6 d3 45. h4 Rc2
46. h5 d2 47. h6 Rc1+ 0-1

[Event "Chigorin Memorial"]
[Site "St Petersburg"]
[Date "2015.10.08"]
[Round "6.138"]
[White "Illina, Natalia"]
[Black "Efimenko, Aleksandr"]
[Result "1-0"]
[WhiteElo "2041"]
[BlackElo "1871"]
[PlyCount "79"]
[EventDate "2015.10.03"]
[EventRounds "9"]
[EventCountry "RUS"]

1. e4 e5 2. Nf3 Nc6 3. Bb5 a6 4. Ba4 Nf6 5. Bxc6 dxc6 6. d3 Bd6 7. h3 Qe7 8.
Nbd2 Be6 9. b3 Nd7 10. Bb2 O-O-O 11. a3 g5 12. Nh2 h5 13. Nhf1 g4 14. h4 Rhf8
15. Ng3 f5 16. exf5 Bxf5 17. Nde4 Bg6 18. Bc1 Qf7 19. Bh6 Rh8 20. Be3 Be7 21.
Qe2 Nf6 22. Ng5 Qd5 23. O-O Qd7 24. N3e4 Nd5 25. g3 Rhg8 26. b4 Rdf8 27. Bd2
Bxe4 28. dxe4 Nf4 29. gxf4 exf4 30. Rfd1 Qd6 31. e5 Qg6 32. Bxf4 Rxf4 33. Qe3
Kb8 34. Qxf4 Rf8 35. Qe4 Rf5 36. Rd7 Bxg5 37. hxg5 Qxg5 38. Rd8+ Qxd8 39. Qxf5
g3 40. Qd3 1-0

[Event "Chigorin Memorial"]
[Site "St Petersburg"]
[Date "2015.10.08"]
[Round "6.139"]
[White "Kashin, Yury"]
[Black "Oberholzer, Francois"]
[Result "0-1"]
[WhiteElo "1848"]
[BlackElo "2032"]
[PlyCount "102"]
[EventDate "2015.10.03"]
[EventRounds "9"]
[EventCountry "RUS"]

1. e4 c5 2. Bc4 e6 3. Nc3 Nc6 4. d3 Nf6 5. Bg5 Be7 6. Nf3 h6 7. Bf4 d5 8. Bb3
O-O 9. O-O a6 10. Re1 b5 11. a3 Bb7 12. e5 Nd7 13. Bg3 Qb6 14. Ne2 Rac8 15. c3
a5 16. Bc2 d4 17. Qd2 Rfd8 18. h4 Nf8 19. Nh2 Ng6 20. Nf3 Qc7 21. Nc1 Bf8 22.
h5 Nge7 23. Nh4 c4 24. f4 Na7 25. cxd4 c3 26. bxc3 Qxc3 27. Qxc3 Rxc3 28. Bd1
Rdc8 29. Bf3 Bxf3 30. Nxf3 Nf5 31. Bf2 Rxa3 32. Rxa3 Bxa3 33. Ne2 Nc6 34. g4
Nfe7 35. Rb1 Bb4 36. Be1 Nd5 37. Kf2 a4 38. g5 a3 39. Bxb4 Ncxb4 40. Ne1 a2 41.
Ra1 Ra8 42. Kf3 Ra3 43. Ke4 Rb3 44. Rc1 Rb1 45. Rc8+ Kh7 46. Nf3 Ne7 47. Re8
a1=Q 48. gxh6 gxh6 49. Rxe7 Qa8+ 50. d5 Qxd5+ 51. Ke3 Qc5+ 0-1

[Event "Chigorin Memorial"]
[Site "St Petersburg"]
[Date "2015.10.08"]
[Round "6.140"]
[White "Martynyuk, Elizaveta"]
[Black "Zhemchuzhina, Elizaveta"]
[Result "1-0"]
[WhiteElo "2031"]
[BlackElo "1857"]
[PlyCount "95"]
[EventDate "2015.10.03"]
[EventRounds "9"]
[EventCountry "RUS"]

1. e4 c5 2. Nf3 e6 3. d4 cxd4 4. Nxd4 Nf6 5. Nc3 Bb4 6. e5 Nd5 7. Bd2 Bxc3 8.
bxc3 O-O 9. c4 Ne7 10. Bb4 Nbc6 11. Nxc6 Nxc6 12. Bxf8 Qa5+ 13. Ke2 Qxe5+ 14.
Kd2 Qf4+ 15. Ke1 Qe5+ 16. Be2 Kxf8 17. Rb1 b6 18. h4 Ba6 19. Kf1 Nd4 20. Bd3
Rc8 21. Qd2 Rxc4 22. c3 Nf5 23. Bxc4 Bxc4+ 24. Kg1 Qd5 25. Qxd5 Bxd5 26. a4 Bc4
27. h5 h6 28. Kh2 d5 29. g4 Nd6 30. f3 Ke7 31. Kg3 f6 32. Kf4 e5+ 33. Ke3 Ke6
34. f4 Ne4 35. a5 b5 36. Rbc1 a6 37. Rh2 Kd6 38. Kf3 Nc5 39. fxe5+ fxe5 40. g5
hxg5 41. Kg4 e4 42. Kxg5 e3 43. Re1 e2 44. Kg6 Nd3 45. Rexe2 Nf4+ 46. Kxg7 Nxe2
47. h6 Bd3 48. Rxe2 1-0

[Event "Chigorin Memorial"]
[Site "St Petersburg"]
[Date "2015.10.08"]
[Round "6.141"]
[White "Pettersen, Johan"]
[Black "Kantyshev, Nikita"]
[Result "0-1"]
[WhiteElo "1741"]
[BlackElo "2030"]
[PlyCount "60"]
[EventDate "2015.10.03"]
[EventRounds "9"]
[EventCountry "RUS"]

1. e4 e5 2. Bc4 Nc6 3. Nc3 d6 4. Nf3 Be7 5. O-O Bg4 6. h3 Bh5 7. Ne2 Nf6 8. Ng3
Bg6 9. Qe2 h5 10. Nh4 Nd4 11. Qd1 Bxe4 12. d3 Bh7 13. c3 Nc6 14. Qb3 O-O 15.
Qxb7 Na5 16. Qf3 e4 17. Qe2 d5 18. Ba6 Re8 19. d4 g6 20. b4 Nc4 21. Bxc4 dxc4
22. Nh1 Nd5 23. g3 Bxh4 24. gxh4 Qxh4 25. Qxc4 Rad8 26. Kh2 Nf4 27. Bxf4 Qxf4+
28. Kg1 h4 29. Rae1 Re6 30. Qe2 Rd5 0-1

[Event "Chigorin Memorial"]
[Site "St Petersburg"]
[Date "2015.10.08"]
[Round "6.142"]
[White "Kolesnikova, Kristina"]
[Black "Kochetkov, Victor N"]
[Result "0-1"]
[WhiteElo "2027"]
[BlackElo "1853"]
[PlyCount "106"]
[EventDate "2015.10.03"]
[EventRounds "9"]
[EventCountry "RUS"]

1. e4 d5 2. exd5 Qxd5 3. Nc3 Qd6 4. d4 Nf6 5. Nf3 a6 6. Be3 g6 7. Qd2 Bg7 8.
O-O-O Bg4 9. Be2 e6 10. Bf4 Qe7 11. h3 Bxf3 12. Bxf3 c6 13. Rhe1 O-O 14. h4 h5
15. Bh6 Nbd7 16. Be2 b5 17. f3 Kh7 18. Bxg7 Kxg7 19. g4 Rh8 20. g5 Nd5 21. f4
Qd6 22. Rf1 Ne7 23. Ne4 Qc7 24. Ng3 Nd5 25. Bd3 b4 26. Qf2 Ne7 27. d5 Nxd5 28.
f5 exf5 29. Bxf5 Ne5 30. Be4 Rad8 31. Rde1 Rhe8 32. Bg2 Ng4 33. Qd4+ Kg8 34.
Rxe8+ Rxe8 35. Ne4 Nde3 36. Nd6 Re7 37. Rg1 c5 38. Qd2 Rd7 39. Qe2 Qxd6 40. Bf3
Re7 41. Kb1 c4 42. Bxg4 hxg4 43. Rh1 b3 44. axb3 cxb3 45. cxb3 g3 46. h5 g2 47.
Rc1 gxh5 48. Ka2 Qg6 49. Qd2 Re8 50. Qa5 h4 51. Qa4 Qe4 52. Qd7 Qe6 53. Qd3 h3
0-1

[Event "Chigorin Memorial"]
[Site "St Petersburg"]
[Date "2015.10.08"]
[Round "6.143"]
[White "Shirshov, Nikolay"]
[Black "Gorovenko, Darya"]
[Result "0-1"]
[WhiteElo "1714"]
[BlackElo "2024"]
[PlyCount "98"]
[EventDate "2015.10.03"]
[EventRounds "9"]
[EventCountry "RUS"]

1. Nf3 d5 2. g3 Nf6 3. Bg2 c5 4. d4 cxd4 5. Nxd4 g6 6. O-O Bg7 7. c4 e5 8. Nf3
e4 9. Nd4 dxc4 10. Nb5 Qxd1 11. Rxd1 Na6 12. Nd6+ Ke7 13. Nc3 Rd8 14. Bf4 Nc5
15. Nxc4 Be6 16. Nd6 Nh5 17. Ndxe4 Nxf4 18. gxf4 Nxe4 19. Bxe4 Rxd1+ 20. Nxd1
Rd8 21. Bxb7 Rd2 22. Bf3 a5 23. e3 a4 24. a3 Bb3 25. Rb1 Bf6 26. Kf1 Kd6 27.
Rc1 Bxb2 28. Rc6+ Kd7 29. Nxb2 Rxb2 30. Rc3 Ra2 31. Rd3+ Kc7 32. Kg2 Rxa3 33.
Bd1 Kc6 34. Kg3 Kc5 35. h4 Kb4 36. Bf3 Ra1 37. Rd7 a3 38. Rb7+ Kc3 39. Rxb3+
Kxb3 40. Bd5+ Kc2 41. Bxf7 Rb1 42. Ba2 Rb3 43. h5 Kb2 44. Bxb3 Kxb3 45. e4 a2
46. hxg6 hxg6 47. f5 gxf5 48. e5 a1=Q 49. Kf4 Qb1 0-1

[Event "Chigorin Memorial"]
[Site "St Petersburg"]
[Date "2015.10.08"]
[Round "6.144"]
[White "Pavlova, Nataliy"]
[Black "Selezneva, Ekaterina"]
[Result "0-1"]
[WhiteElo "2021"]
[BlackElo "1700"]
[PlyCount "74"]
[EventDate "2015.10.03"]
[EventRounds "9"]
[EventCountry "RUS"]

1. Nf3 c5 2. c4 Nf6 3. g3 d5 4. b3 Nc6 5. Bg2 e5 6. cxd5 Nxd5 7. d3 Be7 8. O-O
O-O 9. Bb2 f6 10. Nbd2 Be6 11. Rc1 Qd7 12. Ne4 b6 13. a3 Rac8 14. Re1 Rfd8 15.
Qc2 Nd4 16. Nxd4 cxd4 17. Qd2 h6 18. Qd1 f5 19. Nd2 Nc3 20. Bxc3 dxc3 21. Nb1
c2 22. Rxc2 Bxb3 23. Rc7 Bxd1 24. Rxd7 Rxd7 25. Rxd1 Rdc7 26. Nd2 Rc1 27. Bd5+
Kf8 28. Rxc1 Rxc1+ 29. Kg2 Rc2 30. Nc4 Rxe2 31. Kf1 Rc2 32. Nxe5 Bxa3 33. Be6
Bc5 34. f4 Rxh2 35. Bxf5 a5 36. d4 Bxd4 37. Nf3 Rf2+ 0-1

[Event "Chigorin Memorial"]
[Site "St Petersburg"]
[Date "2015.10.08"]
[Round "6.145"]
[White "Malyshev, Grigory"]
[Black "Scheglov, Dmitry"]
[Result "1-0"]
[WhiteElo "2293"]
[BlackElo "1910"]
[PlyCount "95"]
[EventDate "2015.10.03"]
[EventRounds "9"]
[EventCountry "RUS"]

1. d4 Nf6 2. c4 c5 3. d5 e6 4. Nc3 exd5 5. cxd5 d6 6. Nf3 g6 7. Nd2 Bg7 8. e4
O-O 9. Be2 a6 10. a4 Nbd7 11. O-O b6 12. Nc4 Qc7 13. Bf4 Ne8 14. Qd2 Rb8 15.
Ne3 Ne5 16. Bg3 f5 17. f4 Nf7 18. exf5 gxf5 19. Kh1 Nh6 20. Bd3 Qf7 21. Rae1
Nc7 22. Nc4 Qf6 23. Ne5 Rb7 24. Nf3 b5 25. Bh4 Qg6 26. Be7 b4 27. Nd1 Re8 28.
Nh4 Qh5 29. Bg5 Qf7 30. Ne3 Ng4 31. Nexf5 Rxe1 32. Rxe1 Bxf5 33. Bxf5 Nf6 34.
Be6 Nxe6 35. dxe6 Qf8 36. Nf5 Ne8 37. Qd5 Ra7 38. g4 Kh8 39. b3 Bc3 40. Rd1 c4
41. Qxc4 Rc7 42. Qd5 Rc5 43. e7 Qg8 44. Qxg8+ Kxg8 45. Nxd6 Nxd6 46. Rxd6 Kf7
47. Rd8 Rxg5 48. e8=Q+ 1-0

[Event "Chigorin Memorial"]
[Site "St Petersburg"]
[Date "2015.10.08"]
[Round "6.146"]
[White "Schetchikov, Vladimir"]
[Black "Zolotyh, Lev"]
[Result "1-0"]
[WhiteElo "2222"]
[BlackElo "1906"]
[PlyCount "115"]
[EventDate "2015.10.03"]
[EventRounds "9"]
[EventCountry "RUS"]

1. e4 e5 2. Nf3 Nc6 3. Bb5 Nge7 4. c3 d5 5. exd5 Qxd5 6. Qb3 Qxb3 7. axb3 Bd7
8. d3 f6 9. O-O Nf5 10. b4 Be7 11. Bc4 Nd6 12. Bd5 Nf7 13. Re1 O-O 14. d4 Bd6
15. b5 Ncd8 16. dxe5 fxe5 17. Nxe5 Bxb5 18. Na3 Bxa3 19. Rxa3 Kh8 20. Nxf7+
Nxf7 21. Bxb7 Rae8 22. Rxe8 Rxe8 23. Be3 Nd6 24. Rxa7 h6 25. Ba6 Bxa6 26. Rxa6
Nc4 27. Rc6 Nxb2 28. g3 Nd1 29. Bd4 Re7 30. h4 Nb2 31. h5 Nd3 32. Rxh6+ Kg8 33.
Rg6 Kh7 34. Rc6 Ne1 35. Be3 Nd3 36. Bd4 Ne1 37. f4 Nf3+ 38. Kf2 Nxd4 39. cxd4
Re4 40. Rxc7 Rxd4 41. Kf3 Ra4 42. Kg4 Ra3 43. f5 Ra6 44. Kg5 Rb6 45. g4 Kg8 46.
Re7 Kf8 47. Re6 Rb4 48. h6 gxh6+ 49. Rxh6 Kg7 50. Ra6 Rc4 51. Ra7+ Kf8 52. Kh5
Kg8 53. g5 Rc6 54. f6 Kf8 55. Kg6 Ke8 56. Ra8+ Kd7 57. Kf7 Kd6 58. Re8 1-0

[Event "Chigorin Memorial"]
[Site "St Petersburg"]
[Date "2015.10.08"]
[Round "6.147"]
[White "Feduk, Viktor"]
[Black "Gadzhiev, Farid"]
[Result "1-0"]
[WhiteElo "2136"]
[BlackElo "1894"]
[PlyCount "109"]
[EventDate "2015.10.03"]
[EventRounds "9"]
[EventCountry "RUS"]

1. e4 c5 2. c3 d5 3. exd5 Qxd5 4. d4 Nf6 5. Nf3 e6 6. Be2 Nc6 7. O-O Be7 8. c4
Qh5 9. Ng5 Qg6 10. d5 exd5 11. cxd5 Nd4 12. Re1 Kf8 13. Nc3 Bf5 14. Nf3 Nxe2+
15. Qxe2 Bd6 16. Ne5 Qh5 17. Qxh5 Nxh5 18. Nc4 Rd8 19. Nxd6 Rxd6 20. Re5 Bg6
21. Be3 b6 22. g4 Nf6 23. Re1 h6 24. f4 Rd8 25. Bf2 Nxg4 26. Re7 Nxf2 27. Kxf2
Kg8 28. Rxa7 Kh7 29. Rb7 Rd6 30. Re5 Rhd8 31. Ke3 R8d7 32. Rb8 f6 33. Re6 Rxe6+
34. dxe6 Rd6 35. e7 Re6+ 36. Kf2 Rxe7 37. Rxb6 Rd7 38. a4 Bd3 39. Ke3 Kg6 40.
Rc6 c4 41. a5 Ra7 42. a6 Kf5 43. Nb5 Ra8 44. a7 Bf1 45. Rb6 c3 46. bxc3 Bxb5
47. Rxb5+ Kg4 48. Ra5 Kh3 49. Kf2 g5 50. fxg5 hxg5 51. Kf3 f5 52. Ra2 g4+ 53.
Kf4 Kh4 54. c4 Kh3 55. c5 1-0

[Event "Chigorin Memorial"]
[Site "St Petersburg"]
[Date "2015.10.08"]
[Round "6.148"]
[White "Yakimenko, Anastasia"]
[Black "Slugin, Yaroslav"]
[Result "1-0"]
[WhiteElo "2115"]
[BlackElo "1895"]
[PlyCount "51"]
[EventDate "2015.10.03"]
[EventRounds "9"]
[EventCountry "RUS"]

1. e4 c5 2. Nf3 Nc6 3. d4 cxd4 4. Nxd4 Nf6 5. Nc3 e6 6. Ndb5 Bb4 7. a3 Bxc3+ 8.
Nxc3 d5 9. exd5 exd5 10. Bd3 O-O 11. O-O d4 12. Ne2 Bg4 13. f3 Bh5 14. Bg5 Qd6
15. Qd2 Bg6 16. Rad1 Rad8 17. Kh1 Rd7 18. Rfe1 Rfd8 19. Qc1 Bxd3 20. Rxd3 h6
21. Bh4 g5 22. Bf2 Qc5 23. Nxd4 Ne5 24. Rd2 Rxd4 25. c3 Nd3 26. Rxd3 1-0

[Event "Chigorin Memorial"]
[Site "St Petersburg"]
[Date "2015.10.08"]
[Round "6.149"]
[White "Soldatov, Arnold"]
[Black "Kiseleva, Ekaterina"]
[Result "1-0"]
[WhiteElo "2085"]
[BlackElo "1859"]
[PlyCount "111"]
[EventDate "2015.10.03"]
[EventRounds "9"]
[EventCountry "RUS"]

1. d4 Nf6 2. Nf3 g6 3. c4 Bg7 4. Nc3 O-O 5. e4 d6 6. Be2 e5 7. Be3 Nc6 8. d5
Ne7 9. h3 Ne8 10. Qd2 f5 11. Bg5 Bf6 12. Bh6 Bg7 13. Bxg7 Kxg7 14. g4 f4 15. c5
h6 16. b4 a6 17. a4 b6 18. a5 b5 19. c6 Rh8 20. O-O-O Rb8 21. Qd3 Rh7 22. Nd2
Kf8 23. Rdg1 Rg7 24. g5 h5 25. h4 Rf7 26. f3 Ng8 27. Ndb1 Ne7 28. Kd2 Kg7 29.
Na3 Kh7 30. Qc2 Ng7 31. Ra1 Kg8 32. Bf1 Kh7 33. Qb3 Nef5 34. exf5 Nxf5 35. Ne4
Nd4 36. Qd3 Bf5 37. Nc2 Nxc2 38. Kxc2 Qe7 39. Kc3 Bxe4 40. Qxe4 Rff8 41. Bh3
Kg7 42. Rae1 Rbe8 43. Bd7 Ra8 44. Qd3 Rf7 45. Be6 Rff8 46. Re4 Qd8 47. Qe2 Rb8
48. Re1 Kh7 49. Rxe5 dxe5 50. Qxe5 Qd6 51. Qxd6 cxd6 52. Kd4 Kg7 53. Rc1 Rbc8
54. Bxc8 Rxc8 55. Re1 Kf7 56. Re6 1-0

[Event "Chigorin Memorial"]
[Site "St Petersburg"]
[Date "2015.10.08"]
[Round "6.150"]
[White "Kakadzhanov, Timur"]
[Black "Zemnitskiy, Alexander"]
[Result "1/2-1/2"]
[WhiteElo "2082"]
[BlackElo "1856"]
[PlyCount "165"]
[EventDate "2015.10.03"]
[EventRounds "9"]
[EventCountry "RUS"]

1. d4 d5 2. c4 e6 3. Nf3 Nf6 4. e3 c6 5. Nc3 Nbd7 6. Bd2 Be7 7. Qc2 O-O 8. Rd1
b6 9. Bd3 Bb7 10. e4 dxe4 11. Nxe4 Nxe4 12. Bxe4 Nf6 13. Bc3 Nxe4 14. Qxe4 Bf6
15. O-O Qc7 16. Qg4 Rad8 17. Ng5 Bxg5 18. Qxg5 f6 19. Qg4 Rfe8 20. Rfe1 Qf7 21.
b3 Qg6 22. Qh3 Qf5 23. Qxf5 exf5 24. Rxe8+ Rxe8 25. Re1 Rxe1+ 26. Bxe1 Kf7 27.
f4 Ke6 28. Kf2 g6 29. Bd2 Ba6 30. Ke3 Bb7 31. g3 a5 32. c5 b5 33. Bxa5 Ba6 34.
Bd8 h6 35. h4 h5 36. Kd3 Kd7 37. Bxf6 b4+ 38. Ke3 Bb5 39. Be5 Kc8 40. Bd6 Kb7
41. Be7 Kc7 42. Bf6 Bf1 43. Be5+ Kb7 44. Kd2 Bg2 45. Kd3 Bf1+ 46. Kc2 Be2 47.
Kb2 Bf3 48. a3 bxa3+ 49. Kxa3 Ka6 50. Ka4 Be4 51. Kb4 Bd5 52. Bd6 Bf3 53. Be7
Bd5 54. Bd8 Bf3 55. Bf6 Bd5 56. Be7 Bf3 57. d5 Bxd5 58. Kc3 Kb5 59. b4 Bf3 60.
Bd8 Bg2 61. Ba5 Bh1 62. Kd4 Bf3 63. Ke5 Be2 64. Kf6 Bg4 65. Kxg6 Kc4 66. Kf6
Kb5 67. Ke5 Kc4 68. Kf6 Kb5 69. Ke6 Bh3 70. Ke5 Bg4 71. Kd4 Be2 72. Kc3 Bf3 73.
Bd8 Bd1 74. Bf6 Bf3 75. Bd4 Bd1 76. Bf2 Be2 77. Be1 Bf3 78. Kd4 Bd1 79. Ke5 Bg4
80. Kf6 Bh3 81. Kg5 Bg4 82. Kg6 Kc4 83. Kf6 1/2-1/2

[Event "Chigorin Memorial"]
[Site "St Petersburg"]
[Date "2015.10.08"]
[Round "6.151"]
[White "Gantsevich, Aleksey A"]
[Black "Sergeeva, Natalia"]
[Result "0-1"]
[WhiteElo "1845"]
[BlackElo "2077"]
[PlyCount "102"]
[EventDate "2015.10.03"]
[EventRounds "9"]
[EventCountry "RUS"]

1. e4 c6 2. d3 d5 3. Nd2 e5 4. Ngf3 Bd6 5. g3 Nf6 6. Bg2 O-O 7. O-O Re8 8. c3
Bg4 9. h3 Bh5 10. Re1 Nbd7 11. Qc2 a5 12. a4 Nc5 13. Nh4 Bg6 14. Nxg6 hxg6 15.
Nf3 Qb6 16. exd5 Nxd5 17. Nd2 Bc7 18. Nc4 Qa6 19. b3 Rad8 20. Ba3 Qa7 21. Rad1
Nf6 22. Re3 Nd5 23. Ree1 Na6 24. d4 exd4 25. Rxe8+ Rxe8 26. Rxd4 Nf6 27. Nd6
Re1+ 28. Kh2 Qb8 29. Qd2 Re6 30. Ne4 Bb6 31. Nxf6+ Rxf6 32. Rf4 Rxf4 33. Qxf4
Qxf4 34. gxf4 Bxf2 35. b4 Nc7 36. b5 cxb5 37. Bd6 Ne6 38. axb5 b6 39. Bd5 Bc5
40. Be5 Kf8 41. Kg3 a4 42. Kf3 a3 43. Ke4 Ke7 44. Ba2 f6 45. Bb8 Bd6 46. Ba7
Bc7 47. Kd5 Kd7 48. c4 Nxf4+ 49. Ke4 Ne6 50. h4 Nc5+ 51. Kd5 f5 0-1

[Event "Chigorin Memorial"]
[Site "St Petersburg"]
[Date "2015.10.08"]
[Round "6.152"]
[White "Gantsevich, Aleksei"]
[Black "Zhivotovskaya, Asya"]
[Result "0-1"]
[WhiteElo "2036"]
[BlackElo "1810"]
[PlyCount "80"]
[EventDate "2015.10.03"]
[EventRounds "9"]
[EventCountry "RUS"]

1. Nf3 d5 2. d4 Nf6 3. c4 dxc4 4. Nc3 a6 5. a4 Nc6 6. e4 Bg4 7. Be3 e6 8. Bxc4
Bb4 9. Qd3 Na5 10. Ba2 c5 11. Ne5 cxd4 12. Bxd4 Bh5 13. f3 Qc7 14. O-O Rd8 15.
Nd5 exd5 16. exd5 O-O 17. Rac1 Qd6 18. Rfd1 Nxd5 19. Nc4 Nxc4 20. Qxc4 Qg6 21.
g4 Bxg4 22. fxg4 Qxg4+ 23. Kf2 Qf4+ 24. Kg1 Ne3 25. Bxe3 Rxd1+ 26. Rxd1 Qxe3+
27. Kg2 b5 28. Qd5 Qe2+ 29. Kh3 h5 30. Rg1 Qxb2 31. Rf1 Qc3+ 32. Rf3 Qc8+ 33.
Kg2 Qg4+ 34. Kf1 Qg6 35. axb5 axb5 36. Qxb5 Be7 37. Rf5 h4 38. Bb1 Rd8 39. Qe2
Bc5 40. Qg2 Rd1+ 0-1

[Event "Chigorin Memorial"]
[Site "St Petersburg"]
[Date "2015.10.08"]
[Round "6.153"]
[White "Nochovniy, Vladimir"]
[Black "Caglar, Sila"]
[Result "0-1"]
[WhiteElo "2018"]
[BlackElo "1804"]
[PlyCount "126"]
[EventDate "2015.10.03"]
[EventRounds "9"]
[EventCountry "RUS"]

1. d4 Nf6 2. c4 g6 3. Nc3 Bg7 4. e4 d6 5. Be2 O-O 6. Be3 e5 7. d5 a5 8. h4 h6
9. Qd2 Kh7 10. f3 Nh5 11. g4 Nf4 12. O-O-O a4 13. Bf1 b6 14. Nge2 Nxe2+ 15.
Bxe2 Bd7 16. Rh2 Na6 17. Rdh1 Qe7 18. Nd1 Nc5 19. Nf2 Rh8 20. Kb1 Kg8 21. Nd1
Kh7 22. Nc3 Ra7 23. Bd1 Rha8 24. Bc2 Rb7 25. Bg5 f6 26. Bxh6 Bxh6 27. g5 Bg7
28. h5 Rh8 29. hxg6+ Kg8 30. f4 Rb8 31. gxf6 Qxf6 32. f5 Rxh2 33. Qxh2 Kf8 34.
Qg2 Ke7 35. Ne2 Rh8 36. Ng3 Rxh1+ 37. Qxh1 Be8 38. Nh5 Qf8 39. Qh4+ Bf6 40.
Nxf6 Qxf6 41. Qh7+ Kf8 42. b4 axb3 43. axb3 Nd7 44. b4 Qg7 45. Qh4 Nf6 46. Kb2
Kg8 47. c5 bxc5 48. bxc5 dxc5 49. Qg3 Qe7 50. Qh4 Kg7 51. Qe1 Qd6 52. Qc3 c6
53. Qa5 cxd5 54. Qa7+ Bd7 55. exd5 Nxd5 56. Bb3 Ne7 57. Bc2 Nc6 58. Qa2 Qd4+
59. Kb1 c4 60. Qa6 c3 61. Qf1 Qb4+ 62. Kc1 Qb2+ 63. Kd1 Qa1+ 0-1

[Event "Chigorin Memorial"]
[Site "St Petersburg"]
[Date "2015.10.08"]
[Round "6.154"]
[White "Aseeva, Anastasia"]
[Black "Shapar, Tatiana"]
[Result "0-1"]
[WhiteElo "2015"]
[BlackElo "1804"]
[PlyCount "134"]
[EventDate "2015.10.03"]
[EventRounds "9"]
[EventCountry "RUS"]

1. Nf3 g6 2. d4 Bg7 3. g3 Nf6 4. Bg2 O-O 5. O-O d6 6. c4 Nbd7 7. Nc3 e5 8. d5
Nc5 9. b4 Nce4 10. Bb2 Nxc3 11. Bxc3 Ne4 12. Bb2 f5 13. Rc1 g5 14. Ne1 g4 15.
Nd3 a5 16. a3 Bh6 17. Rc2 Bd7 18. b5 b6 19. f4 gxf3 20. exf3 Nf6 21. Re2 Qe7
22. Nf2 Rae8 23. Qd3 Qg7 24. Bh3 Qg6 25. Kh1 e4 26. Qc3 Bg7 27. fxe4 fxe4 28.
Bxd7 Nxd7 29. Qxg7+ Qxg7 30. Bxg7 Kxg7 31. Kg2 e3 32. Nd1 Rxf1 33. Kxf1 Re4 34.
Rxe3 Rxe3 35. Nxe3 Kf6 36. Ke2 Ke5 37. Kf3 Kd4 38. Kf4 Ne5 39. Nf5+ Kxc4 40.
Ne7 Kxb5 41. h4 Kc5 42. g4 b5 43. Nf5 Kxd5 44. h5 b4 45. axb4 axb4 46. Ne3+ Ke6
47. g5 b3 48. Nd1 Nd3+ 49. Ke3 b2 50. Nc3 Ne5 51. Ke4 d5+ 52. Ke3 c5 53. Kf4 d4
54. Nb1 c4 55. g6 hxg6 56. hxg6 Nxg6+ 57. Ke4 c3 58. Kd3 Ne5+ 59. Kc2 Kd5 60.
Kb3 Nf3 61. Kc2 Nd2 62. Na3 b1=Q+ 63. Nxb1 Nxb1 64. Kxb1 Kc4 65. Kc2 d3+ 66.
Kc1 Kb3 67. Kb1 d2 0-1